书目信息 |
| 题名: |
园艺康复治疗技术
|
|
| 作者: | 刘刚 , 冯婉仪 主编 | |
| 分册: | ||
| 出版信息: | 广州 华南理工大学出版社 2019.03 |
|
| 页数: | 154页 | |
| 开本: | 24cm | |
| 丛书名: | ||
| 单 册: | ||
| 中图分类: | R49 | |
| 科图分类: | ||
| 主题词: | 园艺--应用--康复医学 | |
| 电子资源: | ||
| ISBN: | 978-7-5623-5839-8 | |
| 000 | 00925nam0 2200241 450 | |
| 001 | 0108153902 | |
| 005 | 20210308154401.0 | |
| 010 | @a978-7-5623-5839-8@dCNY98.00 | |
| 100 | @a20190508d2019 em y0chiy50 ea | |
| 101 | 0 | @achi |
| 102 | @aCN@b440000 | |
| 105 | @aa z 000yy | |
| 106 | @ar | |
| 200 | 1 | @a园艺康复治疗技术@Ayuan yi kang fu zhi liao ji shu@f刘刚, 冯婉仪主编 |
| 210 | @a广州@c华南理工大学出版社@d2019.03 | |
| 215 | @a154页@c彩照@d24cm | |
| 330 | @a本书分两大部分:第一部分为园艺治疗的定义和理论,从国际视野阐述园艺治疗的发展、治疗活动设计需要考量的因素、园艺治疗活动的分类及应用等;第二部分从医学康复的角度分享在康复领域开展园艺活动的探索及所得经验,抛砖引玉,使园艺治疗在医学康复领域得以持续开展。 | |
| 606 | 0 | @a园艺@x应用@x康复医学 |
| 690 | @aR49@v5 | |
| 701 | 0 | @a刘刚@Aliu gang@4主编 |
| 701 | 0 | @a冯婉仪@Afeng wan yi@4主编@c(女) |
| 801 | 0 | @aCN@bBJSZM@c20210308 |
| 905 | @b1271237-40@dR49@e135@f4 | |
| 园艺康复治疗技术/刘刚, 冯婉仪主编.-广州:华南理工大学出版社,2019.03 |
| 154页:彩照;24cm |
| ISBN 978-7-5623-5839-8:CNY98.00 |
| 本书分两大部分:第一部分为园艺治疗的定义和理论,从国际视野阐述园艺治疗的发展、治疗活动设计需要考量的因素、园艺治疗活动的分类及应用等;第二部分从医学康复的角度分享在康复领域开展园艺活动的探索及所得经验,抛砖引玉,使园艺治疗在医学康复领域得以持续开展。 |
| ● |
| 相关链接 |
|
|
|
|
正题名:园艺康复治疗技术
索取号:R49/135
 
预约/预借
| 序号 | 登录号 | 条形码 | 馆藏地/架位号 | 状态 | 备注 |
| 1 | 1271237 | 212712377 | 第二样本阅览室/ [索取号:R49/135] | 在馆 | |
| 2 | 1271238 | 212712386 | 教育系资料室/ [索取号:R49/135] | 在馆 | |
| 3 | 1271239 | 212712395 | 教育系资料室/ [索取号:R49/135] | 在馆 | |
| 4 | 1271240 | 212712402 | 第三借阅区/ [索取号:R49/135] | 在馆 |